|
|
|
|
| LEADER |
00000nab#a22000007a#4500 |
| 001 |
arbauad027501 |
| 003 |
AR-BaUAD |
| 005 |
20250711112243.0 |
| 008 |
970626|||||||||###||||||b###|0###a|spa|| |
| 040 |
|
|
|a AR-BaUAD
|c AR-BaUAD
|b spa
|
| 100 |
|
|
|a Aldersey Williams, Hugh
|
| 245 |
|
|
|a Silk Pearce :
|b Napkin not ideas /
|c Hugh Aldersey Williams;
|
| 300 |
0 |
|
|b fot.
|
| 653 |
|
|
|a DISEÑO GRAFICO
|
| 653 |
|
|
|a ESTUDIOS PROFESIONALES
|
| 653 |
|
|
|a DISEÑADORES GRAFICOS
|
| 653 |
|
|
|a SILK PEARCE
|
| 653 |
|
|
|a SILK, PETER
|
| 653 |
|
|
|a PEARCE, JACK
|
| 653 |
|
|
|a REINO UNIDO
|
| 653 |
|
|
|a INGLATERRA
|
| 653 |
|
|
|a AFICHES
|
| 653 |
|
|
|a PACKAGING
|
| 653 |
|
|
|a DISEÑO EDITORIAL
|
| 653 |
|
|
|a PAPELERIA
|
| 653 |
|
|
|a IMAGEN CORPORATIVA
|
| 653 |
|
|
|a CATALOGOS
|
| 653 |
|
|
|a PAPELES
|
| 773 |
0 |
|
|t GRAPHIS
|g no. 308 [mar.-abr. 1997], p. 84-95
|
| 942 |
|
|
|c ARTI
|
| 952 |
|
|
|0 0
|1 0
|4 0
|7 0
|9 72420
|a AR-BAuAD
|b AR-BAuAD
|d 2025-07-11
|l 0
|p AAQA027501
|r 2025-07-11 11:22:43
|w 2025-07-11
|y ARTI
|
| 990 |
|
|
|a DG199
|b TD
|
| 998 |
|
|
|a AAQ
|b BIBUN76
|
| 999 |
|
|
|c 52093
|d 52093
|